Normal view
MARC view
- Supervusor:Dr.Muhammad Junaid Khan
Entry Personal Name
001 - CONTROL NUMBER
- control field: 124431
003 - CONTROL NUMBER IDENTIFIER
- control field: NUST
005 - DATE AND TIME OF LATEST TRANSACTION
- control field: 20240711123706.0
008 - FIXED-LENGTH DATA ELEMENTS
- fixed length control field: 240711|| aca||aabn | a|a d
040 ## - CATALOGING SOURCE
- Original cataloging agency: NUST
- Transcribing agency: NUST
100 ## - HEADING--PERSONAL NAME
- Personal name: Supervusor:Dr.Muhammad Junaid Khan
670 ## - SOURCE DATA FOUND
- Source citation: Work cat.: (NUST): Modeling and Control for Trajectory tracking and mlti-robot formation of nonholonomic wheeled mobile robots/
